Nástroje marketingového mixu v konkrétnej firme bakalárska práca

Guardado en:
Detalles Bibliográficos
Autor principal: Butaš, Tomáš
Autor Corporativo: Obchodná fakulta EU. Katedra marketingu
Otros Autores: Korčoková, Marína, 1970-
Formato: Libro
Lenguaje:eslovaco
Publicado: Bratislava 2022
Etiquetas: Agregar Etiqueta
Sin Etiquetas, Sea el primero en etiquetar este registro!

MARC

LEADER 00000nbm a2200000 4500
001 0285725
005 20221128131946.2
041 0 |a slo 
044 |a SK 
245 1 0 |a Nástroje marketingového mixu v konkrétnej firme  |b bakalárska práca  |c Tomáš Butaš ; školiteľ: Marína Korčoková 
264 1 |a Bratislava  |c 2022 
300 |a 56 s. 
100 1 |a Butaš, Tomáš 
700 1 |a Korčoková, Marína, 1970- 
710 2 |a Obchodná fakulta EU. Katedra marketingu